Fiscal Revenues in South Mediterranean Arab Countries : Vulnerabilities and Growth Potential /

This paper reviews the fiscal revenue performance of Southern Mediterranean Arab countries (SMCs) over the last decade and compares this performance with selected middle income and Organization for Economic Cooperation and Development (OECD) countries. These revenues have been declining over the pas...

Ful tanımlama

Detaylı Bibliyografya
Yazar: Nashashibi, Karim
Materyal Türü: Dergi
Dil:English
Baskı/Yayın Bilgisi: Washington, D.C. : International Monetary Fund, 2002.
Seri Bilgileri:IMF Working Papers; Working Paper ; No. 2002/067
Online Erişim:Full text available on IMF
LEADER 01969cas a2200241 a 4500
001 AALejournalIMF001839
008 230101c9999 xx r poo 0 0eng d
020 |c 5.00 USD 
020 |z 9781451848915 
022 |a 1018-5941 
040 |a BD-DhAAL  |c BD-DhAAL 
100 1 |a Nashashibi, Karim. 
245 1 0 |a Fiscal Revenues in South Mediterranean Arab Countries :   |b Vulnerabilities and Growth Potential /  |c Karim Nashashibi. 
264 1 |a Washington, D.C. :  |b International Monetary Fund,  |c 2002. 
300 |a 1 online resource (17 pages) 
490 1 |a IMF Working Papers 
500 |a <strong>Off-Campus Access:</strong> No User ID or Password Required 
500 |a <strong>On-Campus Access:</strong> No User ID or Password Required 
506 |a Electronic access restricted to authorized BRAC University faculty, staff and students 
520 3 |a This paper reviews the fiscal revenue performance of Southern Mediterranean Arab countries (SMCs) over the last decade and compares this performance with selected middle income and Organization for Economic Cooperation and Development (OECD) countries. These revenues have been declining over the past few years, and this trend is expected to continue because of a fall in mineral receipts and trade liberalization. Individual income tax yields are substantially lower than in other regions but the introduction of the value-added tax has proven to be highly successful. Higher trade protection than in other regions must be reduced, if SMCs are to be integrated into the global economy. Loss of nontax and customs revenues can be offset by reforms in income tax systems, petroleum product pricing, and by ensuring, through flexible exchange rate policies, that competitiveness is maintained. 
538 |a Mode of access: Internet 
830 0 |a IMF Working Papers; Working Paper ;  |v No. 2002/067 
856 4 0 |z Full text available on IMF  |u http://elibrary.imf.org/view/journals/001/2002/067/001.2002.issue-067-en.xml  |z IMF e-Library